Vista normal
Vista MARC
Entrada Materia (personas)
Número de registros utilizados en: 1
001 - CONTROL NUMBER
- control field: 64544
003 - CONTROL NUMBER IDENTIFIER
- control field: Co-BoUCM
005 - DATE AND TIME OF LATEST TRANSACTION
- control field: 20140917091037.0
008 - FIXED-LENGTH DATA ELEMENTS
- fixed length control field: 140917|| aca||aabn | a|a d
040 ## - CATALOGING SOURCE
- Original cataloging agency: Co-BoUCM
- Transcribing agency: Co-BoUCM
100 ## - HEADING--PERSONAL NAME
- Personal name: Roussin, Z.
- Fuller form of name: (Zacharie)
- Dates associated with a name: 1827-1894
670 ## - SOURCE DATA FOUND
- Source citation: Work cat.: (Co-BoUCM): 62673 Tardieu, Ambroise, 1818-1879, Étude médico-légale et clinique su l’empoisonnement., 1875